000 00231 a2200109 4500
003 Nust
005 20170207154228.0
040 _cNust
082 _a371.33
245 _aUnit Censorship (VHS-456)
440 _aUnit Censorship (VHS-456)
538 _aDuration Nil
999 _c195674
_d195674